Análisis y rediseño del sistema de programación y control de producción de compañia ALFA S.A

Guardat en:
Dades bibliogràfiques
Autor principal: Echeverría O., Rocío
Altres autors: Urgelles B., Marianela, Villalobos A., Sergio
Format: Llibre
Publicat: San José, C.R. 1997
Matèries:
Etiquetes: Afegir etiqueta
Sense etiquetes, Sigues el primer a etiquetar aquest registre!

MARC

LEADER 00000nam a2200000Ia 4500
003 008368
005 20221231144226.0
008 140114s1997 cr a m 000 ||s d
040 |c cru CEDI 
090 |a TFG 3771 
100 |a Echeverría O., Rocío  |9 9163 
245 |a Análisis y rediseño del sistema de programación y control de producción de compañia ALFA S.A 
260 |c 1997  |a San José, C.R. 
300 |a  x, 128, 64 hojas : ilustraciones  
500 |a  Proyecto de graduación(licenciatura en ingeniería industrial)--Universidad de Costa Rica. Facultad de Ingeniería. Escuela de Ingeniería Industrial. Cátedra de Investigación Dirigida 
650 |x COMPAÑIA ALFA (COSTA RICA)   |x CONTROL DE LA PRODUCCION   |x PROCESAMIENTO DE DATOS   |x PROGRAMACION DE LA PRODUCCION  |9 9167 
700 |9 9165  |a Urgelles B., Marianela 
700 |9 9166  |a Villalobos A., Sergio 
942 |c TFG 
999 |c 18696  |d 18696